000 00465nam a22001697a 4500
999 _c17005
_d17005
008 180717b xxu||||| |||| 00| 0 eng d
020 _a0071816694
050 _aRD 81
_b.M67 2013 c.1
245 _aMorgan and Mikhail's Clinical Anesthesiology
_cJohn F. Butterworth
250 _a5th ed.
260 _aNew York
_bMcGrawHill
_c2013
300 _axiii, 1366p.
650 _aAnesthesiology
650 _aAnesthetics
650 _aAnesthesia
942 _2lcc
_cBK